000 00262nam a2200109Ia 4500
008 220204s9999 xx 000 0 und d
082 _a82-3
_bBEN
100 _aBenzoni, Juliette
245 2 _aA snare for Catherine
260 _aNew York
_bAvon
_c1976
942 _cBK
999 _c30991
_d30991